Estadísticas para Banderas de Países que Limitan con China

Haz click aquí para intentar la prueba.

Estadísticas generales

  • Esta prueba ha sido intentada 4.879 veces
  • La puntuación promedio es 12 de 14

Estadísticas de respuestas

Respuesta% Correcto
India
100%
Rusia
99%
Nepal
96%
Vietnam
90%
Corea del Norte
89%
Bután
86%
Afganistán
84%
Pakistán
84%
Kazajistán
81%
Laos
79%
Mongolia
79%
Kirguistán
69%
Myanmar
69%
Tayikistán
61%

Distribución de puntuación

Porcentaje por número respondido

Porcentaje de gente con cada puntuación

Historial de tus puntuaciones

No has intentado esta prueba.